[Event "29.Schlosspark-Open"]
[Site "Wiesbaden-Biebrich"]
[Date "2017.08.25"]
[Round "2.1"]
[White "Kolker, Vladislav"]
[Black "Khenkin, Igor"]
[Result "0-1"]
[WhiteElo "2044"]
[BlackElo "2565"]
[PlyCount "95"]
[EventDate "2017.??.??"]
[WhiteTeam "SC Bad Nauheim"]
[BlackTeam "SC Heusenstamm"]

1. e4 Nf6 2. e5 Nd5 3. d4 d6 4. exd6 cxd6 5. c4 Nf6 6. Nc3 g6 7. Nf3 Bg7 8. Bg5
h6 9. Bf4 d5 10. c5 O-O 11. h3 Ne4 12. Qb3 Nc6 13. Rd1 Qa5 14. Be2 e5 15. Nxe5
Nxe5 16. Bxe5 Bxe5 17. dxe5 Qxc5 18. O-O Nxc3 19. Qxc3 Qxc3 20. bxc3 Be6 21.
Bf3 Rfd8 22. Rd3 Rd7 23. Rfd1 Rad8 24. a3 Kf8 25. Kf1 Ke7 26. h4 h5 27. g3 b6
28. Bg2 Rc8 29. f4 Rc5 30. Ke1 Rdc7 31. Rc1 Ra5 32. Ra1 Rc4 33. Kd2 Rca4 34.
Bf3 Rxa3 35. Rxa3 Rxa3 36. Bxd5 Bxd5 37. Rxd5 Ra2+ 38. Ke3 Rb2 39. Rd6 a5 40.
f5 gxf5 41. Kf4 a4 42. c4 a3 43. Rd3 a2 44. Ra3 Rf2+ 45. Kg5 Ke6 46. Kxh5 Kxe5
47. Kg5 Rg2 48. Kh6 0-1

[Event "29.Schlosspark-Open"]
[Site "Wiesbaden-Biebrich"]
[Date "2017.08.25"]
[Round "2.2"]
[White "Pap, Misa"]
[Black "Werner, Dimo"]
[Result "1-0"]
[WhiteElo "2491"]
[BlackElo "2033"]
[PlyCount "119"]
[EventDate "2017.??.??"]
[WhiteTeam "SC Hansa Dortmund"]
[BlackTeam "TSV Schott Mainz"]

1. e4 e6 2. d4 d5 3. Nd2 c5 4. Ngf3 Nc6 5. dxc5 Bxc5 6. Bd3 Nf6 7. Qe2 O-O 8.
O-O Nb4 9. e5 Nxd3 10. cxd3 Nd7 11. Nb3 Be7 12. Be3 f6 13. exf6 Bxf6 14. Bd4
Re8 15. Ne5 Nxe5 16. Bxe5 Bd7 17. Nd4 Bxe5 18. Qxe5 Qf6 19. Rae1 Rac8 20. f4
Qxe5 21. Rxe5 Kf7 22. Kf2 Ke7 23. Rfe1 Kd6 24. Ke3 h6 25. h4 Rf8 26. g3 Rf6 27.
Kd2 Rcf8 28. Ke3 a6 29. Rc1 Rc8 30. Rxc8 Bxc8 31. h5 Bd7 32. g4 Rf8 33. Kf3 Rc8
34. Re1 Re8 35. Re5 Rc8 36. g5 Rc1 37. g6 Rf1+ 38. Ke3 Rg1 39. Kf2 Rb1 40. b3
Rb2+ 41. Re2 Rxe2+ 42. Nxe2 e5 43. d4 exf4 44. Kf3 Bf5 45. Kxf4 Bd3 46. Nc3 Ke6
47. b4 Bc4 48. a4 b6 49. a5 b5 50. Kf3 Kf6 51. Kg4 Bb3 52. Kf4 Ke6 53. Kg4 Kf6
54. Kf4 Ke6 55. Kg4 Kf6 56. Nxb5 Bc4 57. Nc7 Ke7 58. Kf5 Kd6 59. Ne8+ Ke7 60.
Nxg7 1-0

[Event "29.Schlosspark-Open"]
[Site "Wiesbaden-Biebrich"]
[Date "2017.08.25"]
[Round "2.3"]
[White "Müller, Lutz"]
[Black "Milov, Leonid"]
[Result "0-1"]
[WhiteElo "2042"]
[BlackElo "2444"]
[PlyCount "58"]
[EventDate "2017.??.??"]
[WhiteTeam "SC Bad Königshofen"]
[BlackTeam "SC Noris-Tarrasch Nürnberg"]

1. d4 Nf6 2. Nf3 c5 3. e3 g6 4. g3 Bg7 5. Bg2 O-O 6. O-O Qc7 7. Nc3 d5 8. Ne5
Rd8 9. a4 Nc6 10. f4 a6 11. h3 h5 12. Ne2 Bf5 13. Bd2 cxd4 14. exd4 Qb6 15. a5
Qc7 16. Ra3 Rac8 17. Nxc6 Qxc6 18. c3 Ne4 19. Kh2 Nd6 20. Bc1 Nc4 21. Ra1 Qb5
22. b4 Nd6 23. Bd2 Ne4 24. Rc1 Rd6 25. Be1 Rdc6 26. Rf3 Rc4 27. Re3 Qd7 28. Ng1
Bxd4 29. Bxe4 Bxe3 0-1

[Event "29.Schlosspark-Open"]
[Site "Wiesbaden-Biebrich"]
[Date "2017.08.25"]
[Round "2.4"]
[White "Gutman, Lev"]
[Black "Belz, Frank-Martin"]
[Result "1/2-1/2"]
[WhiteElo "2410"]
[BlackElo "2021"]
[PlyCount "101"]
[EventDate "2017.??.??"]
[WhiteTeam "SV Lingen"]
[BlackTeam "SK Freising"]

1. Nf3 d5 2. g3 Nf6 3. Bg2 Bg4 4. O-O Nbd7 5. d4 e6 6. c4 c6 7. Ne5 Nxe5 8.
dxe5 Nd7 9. h3 Bh5 10. cxd5 cxd5 11. f4 Bc5+ 12. Kh2 O-O 13. g4 Bg6 14. f5 Nxe5
15. e4 h5 16. Bf4 Bd6 17. gxh5 Bh7 18. Nc3 Nc4 19. Qe2 Bxf4+ 20. Rxf4 Qc7 21.
Raf1 dxe4 22. f6 Bf5 23. Kh1 Rfd8 24. Nxe4 Ne5 25. fxg7 Kxg7 26. h6+ Kh8 27.
Qh5 Rg8 28. Qh4 Qd8 29. Qe1 Rc8 30. Nf2 Ng6 31. Rb4 Rc2 32. Qe3 Qd2 33. Qxd2
Rxd2 34. Bxb7 Ne5 35. Be4 Bxe4+ 36. Rxe4 Nd3 37. Nxd3 Rxd3 38. Re2 Rxh3+ 39.
Rh2 Rxh2+ 40. Kxh2 f5 41. Rf4 Rg6 42. Ra4 Rxh6+ 43. Kg3 Rg6+ 44. Kf3 Rg7 45.
Ra6 Re7 46. Kf4 Kg7 47. Ke5 Kf7 48. b4 Rb7 49. a3 Rb5+ 50. Kf4 Rb7 51. Ke5
1/2-1/2

[Event "29.Schlosspark-Open"]
[Site "Wiesbaden-Biebrich"]
[Date "2017.08.25"]
[Round "2.5"]
[White "Schmid, Eugen"]
[Black "Brendel, Oliver"]
[Result "1/2-1/2"]
[WhiteElo "2024"]
[BlackElo "2329"]
[PlyCount "41"]
[EventDate "2017.??.??"]
[WhiteTeam "SV Herrenberg"]
[BlackTeam "SV Hofheim"]

1. d4 Nf6 2. Nf3 g6 3. c4 Bg7 4. Nc3 d5 5. Qb3 dxc4 6. Qxc4 O-O 7. e4 Nc6 8.
Be2 Nd7 9. Be3 Nb6 10. Qc5 a5 11. O-O f5 12. Rad1 fxe4 13. Ng5 Kh8 14. Ngxe4
Rf5 15. d5 Nb4 16. Ng3 Rf7 17. Bd4 Qd6 18. Bxg7+ Kxg7 19. Qd4+ Qf6 20. Qd2 Qf4
21. a3 1/2-1/2

[Event "29.Schlosspark-Open"]
[Site "Wiesbaden-Biebrich"]
[Date "2017.08.25"]
[Round "2.6"]
[White "Tufa, Mihai"]
[Black "Dereviagin, Vladislav"]
[Result "0-1"]
[WhiteElo "1998"]
[BlackElo "2320"]
[PlyCount "164"]
[EventDate "2017.??.??"]
[WhiteTeam "Club Sah Diana Galati"]
[BlackTeam "vereinslos"]

1. e4 c5 2. c3 d6 3. d4 Nf6 4. Bd3 g6 5. Nf3 Bg7 6. h3 O-O 7. Be3 Qc7 8. Qd2
Nbd7 9. O-O b6 10. Bh6 Bb7 11. Re1 e5 12. d5 c4 13. Bc2 b5 14. Nh2 Nc5 15. g4
Bc8 16. f3 Bd7 17. Nf1 Kh8 18. Ng3 Bxh6 19. Qxh6 Ng8 20. Qe3 Qd8 21. Kg2 Qh4
22. f4 exf4 23. Qxf4 Qf6 24. Qxf6+ Nxf6 25. Nd2 h6 26. Nf3 Rfe8 27. Rad1 Re7
28. e5 dxe5 29. Rxe5 Rae8 30. Rxe7 Rxe7 31. Kf2 a5 32. Rd4 Kg7 33. a4 bxa4 34.
Rxc4 Nb3 35. Bxb3 axb3 36. Rc5 a4 37. Ra5 h5 38. g5 Ne4+ 39. Nxe4 Rxe4 40. Nd2
Re5 41. c4 Rxg5 42. Ra7 Bxh3 43. d6 h4 44. d7 Bxd7 45. Rxd7 h3 46. Rd3 Rg2+ 47.
Kf1 a3 48. bxa3 b2 49. Nb1 Rc2 50. Rxh3 Rc1+ 51. Kg2 Rxb1 52. Rb3 Rc1 53. Rxb2
Rxc4 54. Rb3 Ra4 55. Kg3 g5 56. Rc3 Kg6 57. Kh3 f5 58. Kg2 g4 59. Rb3 Kg5 60.
Rc3 Kf4 61. Rb3 Ke4 62. Kg3 Rd4 63. Kh4 Rd3 64. Rb4+ Kf3 65. Rb5 f4 66. a4 g3
67. Kh3 g2 68. Rb1 Kf2+ 69. Kh2 f3 70. Ra1 Ra3 71. Rb1 Rxa4 72. Rb2+ Ke3 73.
Rb3+ Kf4 74. Rb1 Re4 75. Ra1 Ke3 76. Kg1 Kf4 77. Kh2 Kg4 78. Rb1 Kf4 79. Ra1
Re8 80. Ra4+ Ke3 81. Kg1 Rd8 82. Ra1 Ke2 0-1

[Event "29.Schlosspark-Open"]
[Site "Wiesbaden-Biebrich"]
[Date "2017.08.25"]
[Round "2.7"]
[White "Seidel, Jürgen"]
[Black "Spitzl, Vinzent"]
[Result "0-1"]
[WhiteElo "2004"]
[BlackElo "2310"]
[PlyCount "150"]
[EventDate "2017.??.??"]
[WhiteTeam "TuS Dotzheim"]
[BlackTeam "SV Griesheim"]

1. Nf3 d5 2. e3 Nf6 3. c4 c5 4. d4 cxd4 5. exd4 g6 6. Nc3 Bg7 7. c5 O-O 8. Be2
Nc6 9. O-O Bf5 10. Be3 b6 11. cxb6 Qxb6 12. b3 Nb4 13. Rc1 Ne4 14. a3 Nxc3 15.
Rxc3 Nc6 16. Qd2 Rfd8 17. Rfc1 Rac8 18. b4 e5 19. dxe5 d4 20. Nxd4 Nxd4 21.
Rxc8 Bxc8 22. Bxd4 Bf5 23. Rd1 Qc6 24. Qe3 Qa4 25. Rc1 Re8 26. Qc3 Bh6 27. Be3
Rc8 28. Qd2 Rxc1+ 29. Qxc1 Bg7 30. Qc3 h5 31. h3 Kh7 32. Bf3 a6 33. Bd4 Qb5 34.
Kh2 Bh6 35. g3 h4 36. Kg2 hxg3 37. fxg3 Bg7 38. Bc5 Qe8 39. Bd4 Qb5 40. Qb3 Qd7
41. Qd5 Bxh3+ 42. Kh2 Qf5 43. Qe4 Qd7 44. g4 Bf1 45. Qd5 Qe7 46. Kg3 Bb5 47.
Bd1 Qg5 48. Bf3 Qd2 49. Qe4 Bd3 50. Qf4 Qe1+ 51. Kh2 Bc4 52. Bg2 Qh4+ 53. Kg1
Bh6 54. Qe4 Be6 55. Bf2 Qg5 56. Bf3 Qc1+ 57. Kg2 Qxa3 58. Bh4 Qb2+ 59. Kh3 Bg7
60. Bg3 Qc3 61. Kg2 Qd2+ 62. Kh3 Qh6+ 63. Kg2 Qg5 64. Bf4 Qd8 65. Bg3 Bf8 66.
Be1 Be7 67. Bc3 Bg5 68. Qd4 Qe8 69. Bd5 Qd7 70. Bf3 Qa4 71. Kg3 Qc2 72. Kh3 Qc1
73. Kg3 Be3 74. Qd3 Qg1+ 75. Kh3 Bf4 0-1

[Event "29.Schlosspark-Open"]
[Site "Wiesbaden-Biebrich"]
[Date "2017.08.25"]
[Round "2.8"]
[White "Muckle, Julius"]
[Black "Speck, Stefan"]
[Result "1-0"]
[WhiteElo "2309"]
[BlackElo "2000"]
[PlyCount "97"]
[EventDate "2017.??.??"]
[WhiteTeam "SK Ludwigshafen"]
[BlackTeam "SC Solingen 28"]

1. d4 d5 2. c4 c6 3. Nc3 Nf6 4. Nf3 a6 5. e3 g6 6. Bd3 Bg7 7. O-O O-O 8. Qc2 b5
9. b3 Be6 10. Ne2 dxc4 11. bxc4 bxc4 12. Bxc4 Bf5 13. Qb3 Nbd7 14. Ba3 Rb8 15.
Qd1 Re8 16. Qe1 Nb6 17. Bb3 Nfd7 18. Rc1 Be4 19. Bxf7+ Kxf7 20. Ng5+ Kg8 21.
Nxe4 e5 22. f3 Nd5 23. Nd6 Nxe3 24. Nxe8 Qxe8 25. Rf2 exd4 26. Nf4 Ne5 27. Bd6
Rd8 28. Bxe5 Bxe5 29. Nd3 Bb8 30. Qb4 g5 31. Qc5 Qg6 32. Rd2 Qh5 33. g3 h6 34.
Qxc6 Qh3 35. Qg6+ Kf8 36. Qf6+ Ke8 37. Ne5 Bxe5 38. Qxe5+ Kf8 39. Qh8+ Ke7 40.
Qe5+ Kf8 41. Qf6+ Ke8 42. Re1 Rd7 43. Qxa6 Re7 44. Qg6+ Rf7 45. Qc6+ Kf8 46.
Qa8+ Kg7 47. Qe4 Kf8 48. Rb1 Rc7 49. Qxd4 1-0

[Event "29.Schlosspark-Open"]
[Site "Wiesbaden-Biebrich"]
[Date "2017.08.25"]
[Round "2.9"]
[White "Pauls, Wilhelm"]
[Black "Ehmann, Thilo"]
[Result "0-1"]
[WhiteElo "1993"]
[BlackElo "2294"]
[PlyCount "79"]
[EventDate "2017.??.??"]
[WhiteTeam "SG Kaarst"]
[BlackTeam "SF Sasbach"]

1. e4 c5 2. Nf3 Nc6 3. d4 cxd4 4. Nxd4 g6 5. c4 Bg7 6. Nc2 Qb6 7. Nc3 Bxc3+ 8.
bxc3 Qc5 9. Bd2 Qe5 10. Be2 Nf6 11. f3 O-O 12. Rb1 Qa5 13. O-O d6 14. Rb5 Qc7
15. Bg5 a6 16. Rb1 Kg7 17. Be3 Be6 18. Bb6 Qc8 19. Ne3 Ne5 20. Qa4 Ned7 21. Bd4
b5 22. cxb5 axb5 23. Qxb5 Bxa2 24. Qg5 e5 25. Nf5+ Kh8 26. Nxd6 Qd8 27. Bxe5
Nxe5 28. Qxe5 Bxb1 29. Rxb1 Kg8 30. Bc4 Ra5 31. Qd4 Ne8 32. Nb7 Qxd4+ 33. cxd4
Ra4 34. Rc1 Rb4 35. Nc5 Nd6 36. Bd5 Rxd4 37. Nb3 Rb4 38. Rc6 Nc8 39. Rc7 Nb6
40. Rc5 0-1

[Event "29.Schlosspark-Open"]
[Site "Wiesbaden-Biebrich"]
[Date "2017.08.25"]
[Round "2.10"]
[White "Donchenko, Anatoly"]
[Black "Tremöhlen, Thomas"]
[Result "1-0"]
[WhiteElo "2291"]
[BlackElo "1986"]
[PlyCount "109"]
[EventDate "2017.??.??"]
[WhiteTeam "SK Gießen"]
[BlackTeam "SG Kaarst"]

1. c4 Nf6 2. Nf3 g6 3. Nc3 Bg7 4. d4 O-O 5. e4 d6 6. Be2 Bg4 7. Be3 Nbd7 8. Ng1
Bxe2 9. Ngxe2 e5 10. f3 exd4 11. Nxd4 Ne5 12. b3 a6 13. O-O c6 14. h3 Qe7 15.
Re1 Rad8 16. Qc2 Rfe8 17. Rad1 Qf8 18. Bg5 h6 19. Bh4 g5 20. Bf2 d5 21. exd5
cxd5 22. Nf5 Nc6 23. Rxe8 Qxe8 24. Nxg7 Kxg7 25. Nxd5 Qe5 26. Re1 Qd6 27. Qb2
Kg6 28. Rd1 Nxd5 29. Rxd5 Qe7 30. Qb1+ Kg7 31. Qd3 f6 32. Qd2 Kg6 33. g4 Ne5
34. Kg2 Re8 35. Qc2+ Kg7 36. Qf5 Qe6 37. Qxe6 Rxe6 38. Bg3 Nc6 39. Kf2 Re7 40.
Bd6 Rf7 41. b4 Kg6 42. b5 axb5 43. cxb5 Nd8 44. Bg3 Ne6 45. a4 Re7 46. a5 Kf7
47. Bb8 Nc7 48. Rc5 Ne6 49. Rf5 Nc7 50. Kg3 Rd7 51. a6 bxa6 52. Bxc7 Rxc7 53.
bxa6 Ra7 54. Ra5 Ke7 55. Kf2 1-0

[Event "29.Schlosspark-Open"]
[Site "Wiesbaden-Biebrich"]
[Date "2017.08.25"]
[Round "2.11"]
[White "Egli, Urs"]
[Black "Nehmert, Ulrich"]
[Result "0-1"]
[WhiteElo "1983"]
[BlackElo "2276"]
[PlyCount "76"]
[EventDate "2017.??.??"]
[WhiteTeam "Sihlfeld(Zürich)"]
[BlackTeam "Wiesbadener SV"]

1. f4 c5 2. g3 d5 3. Bg2 Nc6 4. Nf3 Bg4 5. c4 d4 6. O-O Nf6 7. Ne5 Nxe5 8. fxe5
Nd7 9. Bxb7 Rb8 10. Bc6 Qc7 11. Ba4 h5 12. d3 h4 13. Bf4 hxg3 14. Bxg3 Rh3 15.
Qd2 g6 16. Qf4 Be6 17. Na3 a6 18. b4 Rxb4 19. Bxd7+ Qxd7 20. Qe4 Bh6 21. Qa8+
Qc8 22. Qxc8+ Bxc8 23. Rfb1 Bg4 24. Kf1 Rh5 25. Rxb4 Rf5+ 26. Kg2 cxb4 27. Nc2
Be3 28. Rf1 Bh3+ 29. Kxh3 Rxf1 30. Nxb4 a5 31. Nc2 Rc1 32. Nxe3 dxe3 33. Bf4
Rc2 34. Bxe3 Rxe2 35. Bf4 Rxa2 36. Kg3 Ra3 37. Kf3 Rxd3+ 38. Ke4 Rd1 0-1

[Event "29.Schlosspark-Open"]
[Site "Wiesbaden-Biebrich"]
[Date "2017.08.25"]
[Round "2.12"]
[White "Haag, Martin"]
[Black "Martin, Reiner"]
[Result "1-0"]
[WhiteElo "2263"]
[BlackElo "1983"]
[PlyCount "23"]
[EventDate "2017.??.??"]
[WhiteTeam "SC Bonn Beuel"]
[BlackTeam "SC Bad Soden"]

1. c4 c5 2. Nf3 e6 3. Nc3 Nc6 4. d4 cxd4 5. Nxd4 a6 6. a3 Qc7 7. e4 Nf6 8. Be3
Be7 9. Be2 O-O 10. Rc1 d6 11. O-O b6 12. Nd5 1-0

[Event "29.Schlosspark-Open"]
[Site "Wiesbaden-Biebrich"]
[Date "2017.08.25"]
[Round "2.13"]
[White "Reitz, Philipp"]
[Black "Minor, Samuel"]
[Result "0-1"]
[WhiteElo "1978"]
[BlackElo "2244"]
[PlyCount "72"]
[EventDate "2017.??.??"]
[WhiteTeam "VfR-SC Koblenz"]
[BlackTeam "Wiesbadener SV"]

1. d4 f5 2. g3 Nf6 3. Bg2 d6 4. Nh3 g6 5. O-O Bg7 6. c4 O-O 7. d5 Na6 8. Nc3
Nc5 9. Be3 e5 10. Bxc5 dxc5 11. e4 Ne8 12. f3 Nd6 13. Qe2 a6 14. Na4 b6 15.
Rfc1 h5 16. a3 Bd7 17. Nc3 Qe7 18. Re1 Rae8 19. Nf2 Bh6 20. b3 Qg5 21. Rad1 f4
22. gxf4 exf4 23. Kh1 Bg7 24. Qc2 Qh4 25. Nd3 Nf7 26. e5 Bf5 27. e6 Ne5 28. Ne4
g5 29. Qf2 Qxf2 30. Nexf2 Nxd3 31. Nxd3 Bd4 32. Ne5 Bc2 33. Rxd4 cxd4 34. Nd7
d3 35. Nxf8 d2 36. Rg1 Kxf8 0-1

[Event "29.Schlosspark-Open"]
[Site "Wiesbaden-Biebrich"]
[Date "2017.08.25"]
[Round "2.14"]
[White "Kiefer, Daniel"]
[Black "Kalepky, Helmut"]
[Result "1/2-1/2"]
[WhiteElo "2219"]
[BlackElo "1971"]
[PlyCount "62"]
[EventDate "2017.??.??"]
[WhiteTeam "SF Mainz"]
[BlackTeam "SF Heidesheim"]

1. d4 Nf6 2. c4 c5 3. Nf3 cxd4 4. Nxd4 e6 5. Nc3 Bb4 6. Qb3 Qa5 7. Bd2 Nc6 8.
Nxc6 bxc6 9. a3 Bxc3 10. Qxc3 Qxc3 11. Bxc3 d6 12. f3 Rg8 13. e4 Nd7 14. O-O-O
Ke7 15. Be2 f6 16. Ba5 Nb6 17. Rd2 Bb7 18. Rhd1 d5 19. f4 Rgc8 20. Kb1 Rab8 21.
f5 e5 22. cxd5 cxd5 23. exd5 Nc4 24. Bb4+ Kd7 25. Rc2 Nd6 26. Rc6 Bxc6 27.
dxc6+ Rxc6 28. Bf3 Rcb6 29. g4 Rxb4 30. axb4 Rxb4 31. Kc2 Ke7 1/2-1/2

[Event "29.Schlosspark-Open"]
[Site "Wiesbaden-Biebrich"]
[Date "2017.08.25"]
[Round "2.15"]
[White "Musiolik, David"]
[Black "Müller, Philipp"]
[Result "0-1"]
[WhiteElo "1944"]
[BlackElo "2223"]
[PlyCount "62"]
[EventDate "2017.??.??"]
[WhiteTeam "SC Ramstein"]
[BlackTeam "SK Rochade Augsburg"]

1. e4 c5 2. Nf3 Nc6 3. d4 cxd4 4. Nxd4 Nf6 5. Nc3 e5 6. Ndb5 d6 7. Bg5 a6 8.
Na3 b5 9. Nd5 Be7 10. Bxf6 Bxf6 11. c4 b4 12. Nc2 a5 13. Bd3 O-O 14. O-O Bg5
15. Nce3 Be6 16. Kh1 Ne7 17. f4 Nxd5 18. exd5 exf4 19. dxe6 fxe3 20. exf7+ Kh8
21. Qh5 Bh6 22. Be4 Ra7 23. Qf5 g6 24. Qh3 e2 25. Rf3 Qg5 26. Bd3 Re7 27. Re1
Qd2 28. Qh4 Rfxf7 29. Rxf7 Rxf7 30. Qg3 Be3 31. Bxe2 Qxe2 0-1

[Event "29.Schlosspark-Open"]
[Site "Wiesbaden-Biebrich"]
[Date "2017.08.25"]
[Round "2.16"]
[White "Jahnel, Günther"]
[Black "Zimmer, Gerald"]
[Result "1-0"]
[WhiteElo "2222"]
[BlackElo "1963"]
[PlyCount "75"]
[EventDate "2017.??.??"]
[WhiteTeam "FVS ASP Hoyerswerda"]
[BlackTeam "SC Bergen-Enkheim"]

1. d4 e6 2. c4 Nf6 3. Nc3 Bb4 4. Nf3 b6 5. Bg5 Bb7 6. e3 O-O 7. Bd3 d5 8. cxd5
exd5 9. Qc2 h6 10. Bh4 c5 11. O-O g5 12. Bg3 Nc6 13. h3 cxd4 14. exd4 Bd6 15.
a3 Nh5 16. Be5 Bxe5 17. dxe5 Nf4 18. Bf5 Ne7 19. Nd4 Bc8 20. Rad1 Be6 21. Bxe6
Nxe6 22. Rfe1 Rc8 23. Qe2 Rc4 24. Ncb5 a6 25. b3 Nf4 26. Qf3 Rc5 27. Nd6 Qc7
28. N4f5 Nxf5 29. Nxf5 Rc3 30. Re3 Rc1 31. Nxh6+ Kh7 32. Ng4 d4 33. Qe4+ Kg7
34. Ree1 Rxd1 35. Rxd1 d3 36. Qf5 Qc6 37. Qxg5+ Ng6 38. Qh6+ 1-0

[Event "29.Schlosspark-Open"]
[Site "Wiesbaden-Biebrich"]
[Date "2017.08.25"]
[Round "2.17"]
[White "Rau, Christian"]
[Black "Pohle, Dirk"]
[Result "0-1"]
[WhiteElo "1915"]
[BlackElo "2180"]
[PlyCount "72"]
[EventDate "2017.??.??"]
[WhiteTeam "SV Rüsselsheim"]
[BlackTeam "SC Solingen 28"]

1. e4 c5 2. Nc3 e6 3. Nge2 Nc6 4. g3 g6 5. d4 cxd4 6. Nxd4 d6 7. Be3 a6 8. f4
Qc7 9. Bg2 Na5 10. Qe2 Nc4 11. O-O-O Nxe3 12. Qxe3 Bd7 13. Kb1 Bg7 14. Rhe1
O-O-O 15. f5 Kb8 16. fxe6 fxe6 17. Bh3 Re8 18. g4 Ne7 19. g5 Nc6 20. Nce2 Be5
21. Nxc6+ Qxc6 22. Nd4 Qb6 23. Nb3 Qxe3 24. Rxe3 Rhf8 25. Na5 b5 26. a4 Rf2 27.
Rf1 Ref8 28. Rxf2 Rxf2 29. Bg4 Rxh2 30. axb5 axb5 31. Rf3 Rg2 32. Rf7 Kc8 33.
Bh3 Rxg5 34. Nb7 Rh5 35. Bf1 Rh1 36. Ka2 h5 0-1

[Event "29.Schlosspark-Open"]
[Site "Wiesbaden-Biebrich"]
[Date "2017.08.25"]
[Round "2.18"]
[White "Hermannsdörfer, Frank"]
[Black "Li, Maxim"]
[Result "1-0"]
[WhiteElo "2180"]
[BlackElo "1932"]
[PlyCount "75"]
[EventDate "2017.??.??"]
[WhiteTeam "SV Liebschwitz"]
[BlackTeam "Wiesbadener SV"]

1. b3 e5 2. Bb2 d6 3. e4 Nc6 4. Bb5 Bd7 5. Nf3 a6 6. Be2 f5 7. exf5 Bxf5 8. d4
Nb4 9. Na3 e4 10. Nd2 Qg5 11. g4 e3 12. gxf5 Qg2 13. Rf1 exd2+ 14. Qxd2 d5 15.
Qe3+ Qe4 16. c3 Nc6 17. Bd3 Qe7 18. O-O-O O-O-O 19. Rde1 Rd6 20. Nc2 Qh4 21.
Qg3 Qh6+ 22. Kb1 Nf6 23. c4 Rd7 24. c5 Be7 25. b4 Bd8 26. a4 Nh5 27. Qf3 Kb8
28. Re6 Nf6 29. Rfe1 Qh5 30. Qxh5 Nxh5 31. b5 Ne7 32. c6 bxc6 33. bxc6 Rd6 34.
Rxe7 Bxe7 35. Rxe7 Rxc6 36. Nb4 Rd6 37. Nxa6+ Kc8 38. Rxc7+ 1-0

[Event "29.Schlosspark-Open"]
[Site "Wiesbaden-Biebrich"]
[Date "2017.08.25"]
[Round "2.19"]
[White "Kobs, Stephan"]
[Black "Engel, Berthold"]
[Result "0-1"]
[WhiteElo "1937"]
[BlackElo "2177"]
[PlyCount "74"]
[EventDate "2017.??.??"]
[WhiteTeam "SV Esens"]
[BlackTeam "BG Buchen"]

1. e4 Nc6 2. d4 d5 3. Nc3 Nf6 4. e5 Ng8 5. Nf3 Bf5 6. Bd3 Bxd3 7. Qxd3 e6 8. a3
Qd7 9. O-O Nge7 10. Bd2 h6 11. Ne2 Nc8 12. Ng3 g6 13. Rfe1 Nb6 14. b3 O-O-O 15.
Bc3 Ne7 16. a4 Nf5 17. a5 Na8 18. Ra4 Nxg3 19. hxg3 c6 20. Qd2 Nc7 21. Bb4 Bxb4
22. Qxb4 Na6 23. Qa3 Kb8 24. b4 Nc7 25. Qa1 Nb5 26. Ra2 a6 27. c3 Qe7 28. Qc1
Rdg8 29. Kf1 g5 30. Re3 h5 31. Ne1 g4 32. Nd3 h4 33. gxh4 Rxh4 34. Ke2 Rh2 35.
Rg3 Qg5 36. Qxg5 Nxc3+ 37. Kd2 Ne4+ 0-1

[Event "29.Schlosspark-Open"]
[Site "Wiesbaden-Biebrich"]
[Date "2017.08.25"]
[Round "2.20"]
[White "Kühn, Matthias"]
[Black "Klein, Joachim"]
[Result "1-0"]
[WhiteElo "1935"]
[BlackElo "2170"]
[PlyCount "141"]
[EventDate "2017.??.??"]
[WhiteTeam "SV Hürth-Berrenrath"]
[BlackTeam "SC Illingen"]

1. e4 g6 2. Nc3 c6 3. f4 d5 4. d3 Bg7 5. Bd2 Na6 6. g3 Nf6 7. Bg2 O-O 8. Nf3
dxe4 9. dxe4 Nc5 10. Qe2 b5 11. a3 Be6 12. Ne5 Qc7 13. O-O Nfd7 14. Nd3 Rfd8
15. Nxc5 Nxc5 16. Rfd1 Bd4+ 17. Kh1 Rd7 18. Qe1 Bg4 19. Rdc1 Rad8 20. Be3 e5
21. f5 gxf5 22. h3 Bh5 23. exf5 f6 24. g4 Bf7 25. b4 Bxc3 26. Qxc3 Na4 27. Qxc6
Qxc6 28. Bxc6 Rc7 29. Bxb5 Nc3 30. Bd3 Bd5+ 31. Kg1 h5 32. Kf2 hxg4 33. Rg1 Rh7
34. Rxg4+ Kf7 35. h4 Rd7 36. Bd2 Rc7 37. Bxc3 Rxc3 38. Ke2 Kf8 39. Kd2 Rcc7 40.
c4 Bf3 41. Rg3 e4 42. Rxf3 exf3 43. Rh1 Rcd7 44. Ke3 f2 45. Be2 Rhe7+ 46. Kxf2
Rd2 47. Re1 Ra2 48. Kf1 Rxa3 49. Bd1 Rh3 50. Rxe7 Kxe7 51. h5 Rh4 52. Be2 Rf4+
53. Kg2 Rxf5 54. Kg3 Kf7 55. Bf3 Re5 56. Kf4 Re1 57. b5 Rc1 58. Bd5+ Kg7 59.
Ke3 Kh6 60. Kd2 Rf1 61. Bf7 Rf5 62. Ke3 Re5+ 63. Kd4 Re7 64. Bg6 Kg5 65. c5 f5
66. c6 f4 67. Kd5 f3 68. Kd6 Re3 69. c7 Rc3 70. Be4 f2 71. Bg2 1-0

[Event "29.Schlosspark-Open"]
[Site "Wiesbaden-Biebrich"]
[Date "2017.08.25"]
[Round "2.22"]
[White "Karthaus, Carsten"]
[Black "Friesen, Viktor"]
[Result "1/2-1/2"]
[WhiteElo "1925"]
[BlackElo "2167"]
[PlyCount "82"]
[EventDate "2017.??.??"]
[WhiteTeam "SC Murrhardt"]
[BlackTeam "SC Porta Westfalica"]

1. e4 c5 2. Nf3 Nc6 3. d4 cxd4 4. Nxd4 Qb6 5. Nb3 Nf6 6. Nc3 e6 7. Be3 Qc7 8.
Nb5 Qb8 9. Bd3 a6 10. N5d4 e5 11. Nxc6 bxc6 12. O-O Be7 13. f4 O-O 14. fxe5
Qxe5 15. Bd4 Qh5 16. Be2 Qh6 17. e5 Nd5 18. Rf3 d6 19. c4 dxe5 20. Bxe5 Bf6 21.
Bxf6 Nxf6 22. Qd6 Re8 23. Bd3 Bg4 24. Rg3 Re6 25. Qd4 Rae8 26. Rf1 Re5 27. h3
Bc8 28. Qd6 Rg5 29. Rxg5 Qxg5 30. Qxc6 Qe3+ 31. Kh2 Qe5+ 32. Kh1 Nh5 33. Rf3
Qe1+ 34. Kh2 Qe5+ 35. Kh1 Qe1+ 36. Kh2 Qe5+ 37. Kh1 Qe7 38. Nc5 Qe1+ 39. Kh2
Qe5+ 40. Kh1 Qe1+ 41. Kh2 Qe5+ 1/2-1/2

[Event "29.Schlosspark-Open"]
[Site "Wiesbaden-Biebrich"]
[Date "2017.08.25"]
[Round "2.23"]
[White "Hoppe, Thilo"]
[Black "Arns, Alexander"]
[Result "1-0"]
[WhiteElo "2084"]
[BlackElo "1891"]
[PlyCount "51"]
[EventDate "2017.??.??"]
[WhiteTeam "SC Bonn Beuel"]
[BlackTeam "SF HN-Biberach"]

1. d4 Nf6 2. c4 e6 3. Nf3 d5 4. Nc3 Be7 5. Bg5 O-O 6. e3 b6 7. cxd5 Nxd5 8.
Nxd5 exd5 9. Bxe7 Qxe7 10. Be2 Be6 11. Rc1 c5 12. dxc5 bxc5 13. Qa4 Nd7 14. Qa3
Rfe8 15. O-O c4 16. Qxe7 Rxe7 17. Nd4 Nf6 18. b3 cxb3 19. axb3 Ne4 20. Ba6 Ree8
21. Rc7 Rab8 22. Rfc1 Nd2 23. Bb7 Rbd8 24. f3 Rd6 25. Rd1 Nxf3+ 26. Nxf3 1-0

[Event "29.Schlosspark-Open"]
[Site "Wiesbaden-Biebrich"]
[Date "2017.08.25"]
[Round "2.24"]
[White "Köllner, Aaron Noah"]
[Black "Zilberman, Polina"]
[Result "0-1"]
[WhiteElo "1894"]
[BlackElo "2149"]
[PlyCount "158"]
[EventDate "2017.??.??"]
[WhiteTeam "SV Bergneustadt/Derschlag"]
[BlackTeam "SC Rohrbach-Boxberg"]

1. d4 d5 2. Bf4 Nf6 3. e3 c5 4. c3 Qb6 5. Qb3 c4 6. Qc2 g6 7. f3 Bf5 8. e4 dxe4
9. g4 Be6 10. fxe4 Nxg4 11. Nd2 Bg7 12. Ngf3 O-O 13. Ng5 Bxd4 14. cxd4 Qxd4 15.
Nxc4 Nc6 16. a3 Bxc4 17. Bxc4 Ne3 18. Bxf7+ Rxf7 19. Qb3 Nc2+ 20. Ke2 Raf8 21.
Raf1 Qxe4+ 22. Nxe4 N2d4+ 23. Ke1 Nxb3 24. Be3 Rxf1+ 25. Rxf1 Rxf1+ 26. Kxf1
Nbd4 27. Kf2 Nf5 28. Bf4 e5 29. Bd2 h6 30. Nc5 b6 31. Nd7 Kf7 32. Bc3 e4 33. b4
Ke6 34. Nf8+ Kf7 35. Nd7 Ncd4 36. Ne5+ Ke6 37. Nxg6 e3+ 38. Kf1 Kd5 39. Be1 Ke4
40. a4 Nf3 41. h3 a6 42. b5 axb5 43. axb5 N5d4 44. Bb4 Nxb5 45. Ne7 Nbd4 46.
Ng8 Nd2+ 47. Kg2 Nc2 48. Bd6 Ne1+ 49. Kg1 Nef3+ 50. Kg2 Nh4+ 51. Kg1 Nf5 52.
Bb4 Kd3 53. Nf6 e2 54. Kf2 Nd4 55. Nd5 Ne4+ 56. Kg2 Nc2 57. Nf4+ Ke3 58. Nxe2
Nxb4 59. Nc1 Kd2 60. Nb3+ Kc3 61. Nc1 Nd3 62. Ne2+ Kc4 63. Kf3 Ng5+ 64. Kg4 b5
65. Ng3 Nf2+ 66. Kh5 Ngxh3 67. Nf5 b4 68. Ne3+ Kd3 69. Nd5 b3 70. Nb4+ Kc4 71.
Nc6 b2 72. Na5+ Kb4 73. Nc6+ Kc5 74. Ne5 b1=Q 75. Nd7+ Kd6 76. Nf6 Qf5+ 77.
Kxh6 Qxf6+ 78. Kh7 Ng5+ 79. Kg8 Qf7+ 0-1

[Event "29.Schlosspark-Open"]
[Site "Wiesbaden-Biebrich"]
[Date "2017.08.25"]
[Round "2.25"]
[White "Gürtler, Karl-Heinz"]
[Black "Carow, Annelen"]
[Result "1/2-1/2"]
[WhiteElo "1912"]
[BlackElo "2120"]
[PlyCount "23"]
[EventDate "2017.??.??"]
[WhiteTeam "SC Ober-Ramstadt"]
[BlackTeam "SF Heidesheim"]

1. e4 c5 2. Nf3 e6 3. d4 cxd4 4. Nxd4 a6 5. Bd3 Bc5 6. Nb3 Ba7 7. Nc3 Nc6 8.
Bf4 e5 9. Be3 Bxe3 10. fxe3 Nf6 11. O-O d6 12. Nd5 1/2-1/2